000 00394nam a22001457a 4500
005 20200618140327.0
008 200618b xxu||||| |||| 00| 0 eng d
082 _a345.4 AIR
110 _aALL INDIA REPORTER
_96175
245 _aALL INDIA REPORTER [1995] [VOL-82] RAJASTHAN SECTION
260 _aMUMBAI
_bALL INDIA REPORTER, PVT. LTD.
300 _a261;p
650 _aLAW
_95701
942 _cJRL
999 _c7226
_d7224